| 000 | 00646nam a2200157 a 4500 | ||
|---|---|---|---|
| 001 | BRCA_2351 | ||
| 005 | 20190320203753.0 | ||
| 008 | 151008s2000----mx-a---###---#000-0#spa-# | ||
| 050 | 4 |
_aAM2 _b.M49 2000 |
|
| 245 | 1 | 0 |
_aMéxico más allá de México _bmemorias del 1er. Congreso Nacional de la Federación Mexicana de Asociaciones de Amigos de los Museos. |
| 260 |
_aVeracruz, México _bFEMAM _c[2000] |
||
| 300 |
_a257 p. _bil. _c22 cm. |
||
| 611 | 2 | 4 |
_aCongreso Nacional de la Federación Mexicana de Asociaciones de Amigos de los Museos _n1ra. _d[2000] _cVeracruz (México) _zMéxico _97049 |
| 650 | 1 | 4 |
_aMuseos _vCongresos _zMéxico _97050 |
| 942 |
_2lcc _cB |
||
| 999 |
_c2092 _d2092 |
||